Chemia dla głupich - Statystyki

Ogólne statystyki
  • Ten quiz został rozwiązany 1 006 razy
  • Średni wynik to 12 z 15
Statystyki odpowiedzi
Zagadnienie Odpowiedź % Poprawnych
Jaki pierwiastek chemiczny ma symbol O? tlen
98%
Która z tych substancji jest łatwopalna? drewno
95%
Czym zazwyczaj wypełnia się balony unoszące się do góry? helem
94%
Jaki jest wzór chemiczny wody? H₂O
94%
Która z tych substancji nie rozpuszcza się w wodzie? olej
92%
Która z tych substancji jest cieczą w temperaturze pokojowej? alkohol etylowy
87%
Co jest mierzone za pomocą skali pH? kwasowość i zasadowość środowiska
87%
Co to jest parowanie? przechodzenie substancji ze stanu ciekłego w gazowy
85%
Jaki gaz jest głównym składnikiem powietrza? azot
84%
Jaka jest temperatura topnienia wody? 0°C
82%
Jaki czynnik powoduje, że białko się ścina? wysoka temperatura
76%
Chlorek sodu to naukowa nazwa której substancji? soli
74%
Elektron jest naładowany dodatnio, czy ujemnie? ujemne
71%
Jak może powstawać rdza? poprzez długotrwały kontakt metalu ze świeżym powietrzem
69%
Co oznaczają numerki 95, 98 itp. na stacjach paliw przy dystrybutorach z benzyną? to liczba oktanowa określająca odporność na niekontrolowany samozapłon
40%
Nie znaleziono quizów pasujących do podanych kryteriów
Rozkład punktacji
Procent ludzi z każdym wynikiem
Percentyl według liczby udzielonych odpowiedzi
Twoja historia wyników
Nie rozwiązałeś tego quizu